000 00823nam a2200229 i 4500
001 148931
003 ES-MaACL
005 20230906202857.0
007 t|
008 070214s1956 sp r ||||1| spa d
100 1 _aSuenens, Léon Joseph.
_9108729
245 1 0 _aEdel Mary Quinn
_b: una heroína del apostolado /
_cLéon Joseph Suenens ; prólogo de Mons. Riberi ; traducción de Angel Arin Ormazábal ; en colaboración con Ana María Arranz Carabias.
260 _aSan Sebastián :
_bDinor,
_c1956.
300 _a387 p. ;
_c19 cm.
490 1 _aCol. prisma ;
_v16
700 1 _aArín Ormazabal, Ángel de.
_922835
700 1 _aArranz Carabias, Ana María.
_923222
700 1 _aRiberi, Antonio.
_9140047
830 0 _aCol. prisma ;
_v16
_9186993
852 _aES-MaACL
_jC-11609
_bR.39733
999 _c148931
_d148931